Fußball-TV-Rechte 25/26 (Männer) - Statistiken

Allgemein
  • Dieses Quiz wurde 167 mal gespielt
  • Das Durchschnittsergebnis liegt bei 15 aus 18
Antwortstatistiken
Wettbewerb Spiele Sender % Korrekt
Bundesliga Alle Sonntagsspiele, alle Konferenzen DAZN
99%
Bundesliga Alle Freitags-, Samstags-, Dienstags- und Mittwochsspiele (Einzelspiele) Sky
99%
2. Bundesliga Alle Spiele Sky
96%
UEFA Champions League Alle Spiele bis auf je ein Dienstagsspiel DAZN
89%
Bundesliga Freitagsspiel am 1., 17. und 18. Spieltag (Free TV) Sat. 1
89%
DFB-Pokal Alle Spiele Sky
88%
DFB-Pokal 15 Spiele (inkl. Finale) (Free-TV) Das Erste / ZDF
86%
2. Bundesliga Alle Samstagabendspiele (Free TV) RTL
86%
2. Bundesliga Eröffnungsspiel (Free TV) Sat. 1
85%
Bundesliga Relegation 1./2. Liga und Supercup Sky / Sat. 1
85%
UEFA Champions League Finale (Free-TV) ZDF
85%
UEFA Europa League Ausgewählte Spiele RTL(+) / Nitro
84%
UEFA Conference League Ausgewählte Spiele RTL(+) / Nitro
84%
UEFA Champions League Ein Dienstagsspiel pro Woche Prime Video
83%
2. Bundesliga Relegation 2./3. Liga Sky / Sat. 1
83%
UEFA Supercup Finale DAZN
80%
3. Liga 86 Samstagsspiele (Free TV) Dritte Programme
71%
3. Liga Alle Spiele Magenta Sport
60%
Keine übereinstimmenden Quizze gefunden
Verteilung der Resultate
Anzahl Personen mit jedem Resultat
Perzentil nach korrekt beantworteten Fragen
Ihre Resultats-Entwicklung
Sie haben dieses Quiz noch nicht gespielt